Les Califes Abbassides - Statistiques

Statistiques générales
  • Ce quiz a été pris 25 fois
  • Le résultat moyen est 2 sur 36
Statistiques - réponses
Dates de règnes Calife Abbasside % Correct
754–775 Al-Mansur
77%
750–754 As-Saffah
69%
833–842 Al-Wathiq
23%
786–809 Al-Amin
15%
775–785 Al-Hadi
15%
809–813 Al-Ma'mun
15%
842–847 Al-Mutawakkil
15%
813–833 Al-Mu'tasim
8%
785–786 Harun al-Rashid
8%
866–869 Al-Muhtadi
0%
892–902 Al-Muktafi
0%
847–861 Al-Muntasir
0%
1075–1094 Al-Muqtadi
0%
902–908 Al-Muqtadir
0%
1135–1159 Al-Muqtafi
0%
1160–1180 Al-Mustadi
0%
861–862 Al-Musta'in
0%
940–944 Al-Mustakfi
0%
1159–1160 Al-Mustanjid
0%
1226–1242 Al-Mustansir
0%
1242–1258 Al-Musta'sim
0%
1094–1118 Al-Mustazhir
0%
870–892 Al-Mu'tadid
0%
869–870 Al-Mu'tamid
0%
862–866 Al-Mu'tazz
0%
944–946 Al-Muti
0%
934–940 Al-Muttaqi
0%
974–991 Al-Qadir
0%
1031–1075 Al-Qadir
0%
908–932 Al-Qahir
0%
991–1031 Al-Qa'im
0%
1180–1225 An-Nasir
0%
932–934 Ar-Radi
0%
1118–1135 Ar-Rashid
0%
946–974 At-Ta'i
0%
1225–1226 Az-Zahir
0%
Aucun quiz correspondant
Distribution des résultats
% des personnes avec chaque résultat
Percentile par nombre de réponses
Votre historique - résultats
Vous n’avez pas pris ce quiz